In search of excellence : (Record no. 58534)
[ view plain ]
| 000 -LEADER | |
|---|---|
| fixed length control field | 01371nam a2200325 a 4500 |
| 001 - CONTROL NUMBER | |
| control field | 58534 |
| 003 - CONTROL NUMBER IDENTIFIER | |
| rucl marc code | BD-RjUL |
| 005 - DATE AND TIME OF LATEST TRANSACTION | |
| control field | 20211209080631.0 |
| 008 - FIXED-LENGTH DATA ELEMENTS--GENERAL INFORMATION | |
| fixed length control field | 161219s2005 th ab b 000 0 eng |
| 020 ## - INTERNATIONAL STANDARD BOOK NUMBER | |
| International Standard Book Number | 9747946688 |
| 035 ## - SYSTEM CONTROL NUMBER | |
| System control number | (BD-RjUL)58658 |
| 040 ## - CATALOGING SOURCE | |
| Original cataloging agency | DLC |
| Transcribing agency | DLC |
| Modifying agency | BD-RjUL |
| Language of cataloging | eng |
| 041 ## - LANGUAGE CODE | |
| Language code of text/sound track or separate title | eng |
| 082 ## - DEWEY DECIMAL CLASSIFICATION NUMBER | |
| Edition number | 23 |
| Classification number | 634.9095 |
| Author mark and year | INS 2005 |
| 245 00 - TITLE STATEMENT | |
| Title | In search of excellence : |
| Remainder of title | exemplary forest management in Asia and the Pacific / |
| Statement of responsibility, etc. | edited by Patrick B. Durst ... [et al.]. |
| 260 ## - PUBLICATION, DISTRIBUTION, ETC. (IMPRINT) | |
| Place of publication, distribution, etc. | Bangkok : |
| Name of publisher, distributor, etc. | Food and Agriculture Organization of the United Nations, Regional Office for Asia and the Pacific : |
| -- | Regional Community Forestry Training Center for Asia and the Pacific, |
| Date of publication, distribution, etc. | 2005. |
| 300 ## - PHYSICAL DESCRIPTION | |
| Pagination | x, 404 p. : |
| Illustrations | col. ill., maps ; |
| Size | 27 cm. |
| 490 0# - SERIES STATEMENT | |
| Series statement | RAP publication ; |
| Volume/sequential designation | 2005/02 |
| 500 ## - GENERAL NOTE | |
| General note | At head of title: Asia-Pacific Forestry Commission. |
| 504 ## - BIBLIOGRAPHY, ETC. NOTE | |
| Bibliography, etc | Includes bibliographical references. |
| 520 ## - SUMMARY, ETC. | |
| Summary, etc. | Contributed articles. |
| 650 #0 - SUBJECT ADDED ENTRY--TOPICAL TERM | |
| Topical term or geographic name as entry element | Forest management |
| Geographic subdivision | Pacific Area. |
| 9 (RLIN) | 173887 |
| 651 #0 - SUBJECT ADDED ENTRY--GEOGRAPHIC NAME | |
| Geographic name | Forest management |
| Geographic subdivision | Asia. |
| 9 (RLIN) | 173888 |
| 700 1# - ADDED ENTRY--PERSONAL NAME | |
| Personal name | Durst, Patrick B. |
| 710 2# - ADDED ENTRY--CORPORATE NAME | |
| Corporate name or jurisdiction name as entry element | FAO Regional Office for Asia and the Pacific. |
| 9 (RLIN) | 173890 |
| Corporate name or jurisdiction name as entry element | Regional Community Forestry Training Center for Asia-Pacific (Bangkok, Thailand) |
| 9 (RLIN) | 173891 |
| Corporate name or jurisdiction name as entry element | Asia-Pacific Forestry Commission. |
| 9 (RLIN) | 173892 |
| 942 ## - ADDED ENTRY ELEMENTS (KOHA) | |
| Source of classification or shelving scheme | Dewey Decimal Classification |
| Koha item type | Books |
| Lost status | Source of classification or shelving scheme | Damaged status | Not for loan | Collection code | Permanent Location | Current Location | Shelving location | Date acquired | Source of acquisition | Total Checkouts | Full call number | Date last seen | Copy number | Koha item type |
|---|---|---|---|---|---|---|---|---|---|---|---|---|---|---|
| Dewey Decimal Classification | Not For Loan | Non-fiction | Central Library, University of Rajshahi | Central Library, University of Rajshahi | Reading Room | 24/03/2013 | Rajshahi. | 634.9095 INS 2005 | 19/12/2016 | C-1 | Books |